LIBRARY & INFORMATION CENTRE, KCAET, TAVANUR

ONLINE PUBLIC ACCESS CATALOGUE (OPAC)

Hindustan year book and who`s who / (Record no. 8656)

MARC details
000 -LEADER
fixed length control field 00525cam a2200217ua 4500
041 ## - LANGUAGE CODE
Language code of text/sound track or separate title eng
082 ## - DEWEY DECIMAL CLASSIFICATION NUMBER
Classification number 030
Item number SAR/HI
100 ## - MAIN ENTRY--AUTHOR NAME
Personal name Sarkar, S C .
245 ## - TITLE STATEMENT
Title Hindustan year book and who`s who /
250 ## - EDITION STATEMENT
Edition statement 1 /
260 ## - PUBLICATION, DISTRIBUTION, ETC. (IMPRINT)
Place of publication Calcutta :
Name of publisher M C Sarkar and sons pvt ltd ,
Year of publication 1967.
300 ## - PHYSICAL DESCRIPTION
Number of Pages 226 ; .
500 ## - GENERAL NOTE
General note 10977 Ref
942 ## - ADDED ENTRY ELEMENTS (KOHA)
Koha item type Books
Holdings
Withdrawn status Lost status Damaged status Home library Current library Date acquired Full call number Accession Number Koha item type
      KAUAET   07/04/2012 030 10319 Books
      KAUAET   07/04/2012 030 10977 Books
Withdrawn     KAUAET Malayalam University 07/04/2012 030 4709 Books
free website counter